00885cam a2200277 a 450000100090000000300040000900500170001300800410003001000170007102000150008804000130010304200100011604300120012608200160013810000200015424501090017426000730028330000320035649000370038850000210042550400490044665000250049565100460052070000200056670000210058616093769OSt20230703161705.0100217s2009 ke a b 000 0 eng  a 2010305093 a9966948023 aDLCcDLC alcode af-ke--- a338.96bOMO1 aOmolo, Jacob O.10aViability of increasing minimum wages in 2009 in Kenya /cby Jacob Omolo, John Akoten, and Lineth Oyugi. aNairobi, Kenya :bInstitute of Policy Analysis and Research,cc2009. avi, 42 p. :bill. ;c24 cm.0 aDiscussion paper ;vno. 110/2009 a"November 2009." aIncludes bibliographical references (p. 37). 0aMinimum wagezKenya. 0aKenyaxEconomic conditionsy21st century.1 aAkoten, John E.1 aOyugi, Lineth N.